[Event "4NCL/Div1/SLOS1 vs. BET"]
[Site "Birmingham ENG"]
[Date "2005.10.23"]
[Round "2.3"]
[White "Pert, Nicholas"]
[Black "Webb, Laurence E"]
[Result "1-0"]
[WhiteElo "2500"]
[BlackElo "2336"]
[PlyCount "125"]
[EventDate "2005.10.23"]
[SourceDate "2005.10.25"]

1. d4 Nf6 2. Nf3 e6 3. c4 b6 4. a3 Be7 5. Nc3 d5 6. cxd5 exd5 7. Bf4 O-O 8. e3
c5 9. Be2 Bb7 10. O-O Nbd7 11. Ne5 Nxe5 12. Bxe5 Ne4 13. dxc5 bxc5 14. Nxe4
dxe4 15. Qb3 Qb6 16. Qc3 Bf6 17. Bxf6 Qxf6 18. Qxf6 gxf6 19. Rac1 Rfd8 20. Rfd1
Rac8 21. h3 Bd5 22. Bg4 Be6 23. Rxd8+ Rxd8 24. Rxc5 Bxg4 25. hxg4 Rd1+ 26. Kh2
Rd2 27. Kg3 Rxb2 28. Ra5 Rb7 29. Ra4 Kg7 30. Rxe4 Rb5 31. Ra4 a5 32. Kf4 Kg6
33. e4 Rc5 34. f3 Rb5 35. Ke3 h5 36. gxh5+ Kxh5 37. Rd4 Kg6 38. g4 Rb7 39. Rd6
Rb3+ 40. Rd3 Rb1 41. Rc3 Rb5 42. Kd4 Rb1 43. a4 Rg1 44. Rc4 Rf1 45. Ke3 Ra1 46.
Kd4 Rf1 47. Kc5 Rxf3 48. Kb5 Kg5 49. Kxa5 Kxg4 50. Kb5 f5 51. exf5+ Kxf5 52. a5
Re3 53. a6 Kg5 54. a7 Re8 55. Rb4 f5 56. Kc6 Ra8 57. Kb7 Rxa7+ 58. Kxa7 f4 59.
Kb6 f3 60. Kc5 f2 61. Rb1 Kf4 62. Kd4 Kf3 63. Kd3 1-0

[Event "4NCL/Div1/SLOS1 vs. BET"]
[Site "Birmingham ENG"]
[Date "2005.10.23"]
[Round "2.4"]
[White "Duncan, Christopher R"]
[Black "Czakon, Jakub"]
[Result "1/2-1/2"]
[WhiteElo "2332"]
[BlackElo "2477"]
[PlyCount "85"]
[EventDate "2005.10.23"]
[SourceDate "2005.10.25"]

1. e4 c5 2. Nc3 Nc6 3. Bb5 Nd4 4. Nf3 Nxb5 5. Nxb5 d5 6. exd5 a6 7. Nc3 Nf6 8.
d4 c4 9. Ne5 b5 10. a4 b4 11. Ne2 Qxd5 12. O-O Nh5 13. Be3 Bb7 14. f3 Rc8 15.
Qe1 e6 16. Qh4 Nf6 17. Nf4 Qd8 18. Qg3 Nd5 19. Nxd5 Bxd5 20. Rfe1 f6 21. Ng4
Be7 22. Re2 O-O 23. Nf2 Qc7 24. Qxc7 Rxc7 25. Ne4 Kf7 26. Bf4 Rc6 27. h4 Rd8
28. Be3 h5 29. Kf2 Bxe4 30. fxe4 f5 31. Kf3 fxe4+ 32. Kxe4 Rd5 33. g3 Bf6 34.
Rd1 Rcd6 35. Red2 c3 36. bxc3 bxc3 37. Rd3 e5 38. dxe5 Rxe5+ 39. Kf3 Rde6 40.
Rb1 Re4 41. a5 R4e5 42. Rb7+ Kg6 43. Rb6 1/2-1/2

[Event "4NCL/Div1/SLOS1 vs. BET"]
[Site "Birmingham ENG"]
[Date "2005.10.23"]
[Round "2.5"]
[White "Jones, Gawain C B"]
[Black "Eames, Robert G"]
[Result "1-0"]
[WhiteElo "2444"]
[BlackElo "2320"]
[PlyCount "76"]
[EventDate "2005.10.23"]
[SourceDate "2005.10.25"]

1. e4 c5 2. Nf3 d6 3. Nc3 a6 4. g3 Nc6 5. Bg2 Bg4 6. h3 Bh5 7. g4 Bg6 8. d4 Nf6
9. d5 Na5 10. Nd2 e5 11. a4 Be7 12. h4 h6 13. Qe2 Nd7 14. Nf3 Qb6 15. O-O Qd8
16. h5 Bh7 17. Bd2 c4 18. Rab1 Nc5 19. Rfe1 g6 20. Be3 gxh5 21. Bxc5 hxg4 22.
Nxe5 dxe5 23. d6 Bxd6 24. Rbd1 Bxc5 25. Rxd8+ Rxd8 26. Qxg4 Rg8 27. Qh5 Nc6 28.
Qxh6 Bg6 29. Nd5 Rd6 30. Qh4 Kf8 31. c3 Kg7 32. Kf1 Rh8 33. Qg4 b5 34. axb5
axb5 35. f4 exf4 36. e5 Re6 37. Nxf4 Rxe5 38. Bxc6 Rh1+ 1-0

[Event "4NCL/Div1/SLOS1 vs. BET"]
[Site "Birmingham ENG"]
[Date "2005.10.23"]
[Round "2.6"]
[White "Ledger, David J"]
[Black "Jackova, Jana"]
[Result "0-1"]
[WhiteElo "2278"]
[BlackElo "2389"]
[PlyCount "64"]
[EventDate "2005.10.23"]
[SourceDate "2005.10.25"]

1. e4 e5 2. Bc4 Nf6 3. d3 Bc5 4. Nf3 Nc6 5. O-O d6 6. c3 a6 7. Bb3 Ba7 8. Nbd2
O-O 9. h3 h6 10. Re1 Nh5 11. Nf1 Qf6 12. Be3 Nf4 13. Ng3 g6 14. Nh2 h5 15. Qf3
Kg7 16. Rad1 Be6 17. Bc2 Bxa2 18. d4 a5 19. Bxf4 Qxf4 20. Qxf4 exf4 21. Ne2 g5
22. Nf3 f6 23. d5 Ne5 24. Nfd4 Kf7 25. Ne6 Rfc8 26. N2d4 Bb6 27. h4 Rg8 28.
hxg5 fxg5 29. b3 a4 30. Nxg5+ Rxg5 31. Ra1 axb3 32. Bxb3 Bxd4 0-1

[Event "4NCL/Div1/SLOS1 vs. BET"]
[Site "Birmingham ENG"]
[Date "2005.10.23"]
[Round "2.8"]
[White "Tidman, Sophie"]
[Black "Martyn, Rafe"]
[Result "1-0"]
[WhiteElo "2106"]
[BlackElo "2323"]
[PlyCount "99"]
[EventDate "2005.10.23"]
[SourceDate "2005.10.25"]

1. e4 c6 2. d4 d5 3. e5 c5 4. dxc5 e6 5. Be3 Ne7 6. c3 Nf5 7. Bd4 Nxd4 8. cxd4
b6 9. b4 a5 10. Bb5+ Bd7 11. Qa4 axb4 12. Qxa8 Bxb5 13. Qb7 Be7 14. Nd2 O-O 15.
Rc1 Nc6 16. Nb3 Qa8 17. Qxa8 Rxa8 18. cxb6 Rb8 19. f4 Rxb6 20. Nf3 Ra6 21. Rc2
Bd3 22. Rb2 Na7 23. Nc5 Bxc5 24. dxc5 Nc6 25. Kf2 Bc4 26. Rd1 Bxa2 27. Nd4 Nxd4
28. Rxd4 b3 29. Rb4 g5 30. Ke3 gxf4+ 31. Kd4 Kg7 32. Rf2 Bb1 33. Rxb3 Ra4+ 34.
Kc3 Rc4+ 35. Kb2 Be4 36. Rc3 Rb4+ 37. Ka3 Rb7 38. Rxf4 Kf8 39. c6 Rc7 40. Rc1
Ke7 41. Kb4 Bxg2 42. Kb5 d4 43. Rxd4 Bd5 44. Ra4 Rc8 45. Ra7+ Ke8 46. Kb6 Rb8+
47. Rb7 Ra8 48. Rg1 Kf8 49. c7 Rc8 50. Rb8 1-0

[Event "4NCL/Div1/AD vs. BAR2"]
[Site "Birmingham ENG"]
[Date "2005.10.23"]
[Round "2.1"]
[White "Chandler, Murray G"]
[Black "Devereaux, Maxim"]
[Result "1-0"]
[WhiteElo "2537"]
[BlackElo "2344"]
[PlyCount "113"]
[EventDate "2005.10.23"]
[SourceDate "2005.10.25"]

1. e4 c5 2. Nf3 Nc6 3. Bb5 g6 4. Bxc6 dxc6 5. d3 Bg7 6. h3 Qc7 7. O-O e5 8. Be3
b6 9. Nbd2 Nf6 10. Nc4 Nd7 11. Qd2 O-O 12. Bh6 f6 13. Bxg7 Kxg7 14. Nh2 Rf7 15.
f4 exf4 16. Rxf4 Ba6 17. Ne3 Ne5 18. Neg4 Raf8 19. Raf1 h5 20. Nxe5 Qxe5 21. b3
Bc8 22. Nf3 Qb2 23. Qf2 Be6 24. Qg3 Kh7 25. e5 Bd5 26. exf6 Rxf6 27. Ng5+ Kh6
28. Rxf6 Rxf6 29. Rxf6 Qxf6 30. h4 Qd4+ 31. Kh2 a5 32. c4 Bg8 33. Nf3 Qf6 34.
Qb8 Be6 35. Qd6 Kg7 36. Qxc6 Bf5 37. Qc7+ Qf7 38. Qxb6 Bxd3 39. Qxc5 Qf4+ 40.
Kg1 Bb1 41. Qe7+ Kg8 42. Qd8+ Kg7 43. Qd2 Qf6 44. Qxa5 Qa1 45. Qe5+ Qxe5 46.
Nxe5 Bxa2 47. b4 Kf6 48. Nd7+ Ke6 49. Nb6 Kd6 50. Kf2 Kc6 51. c5 Be6 52. Ke3
Kb5 53. Kd4 Kxb4 54. Nd5+ Ka5 55. c6 Bg4 56. Kc5 Ka6 57. Ne7 1-0

[Event "4NCL/Div1/AD vs. BAR2"]
[Site "Birmingham ENG"]
[Date "2005.10.23"]
[Round "2.2"]
[White "Berry, Neil"]
[Black "Hennigan, Michael T"]
[Result "0-1"]
[WhiteElo "2289"]
[BlackElo "2400"]
[PlyCount "78"]
[EventDate "2005.10.23"]
[SourceDate "2005.10.25"]

1. d4 Nf6 2. c4 g6 3. Nc3 Bg7 4. e4 d6 5. Nf3 O-O 6. Be2 e5 7. Be3 Na6 8. O-O
Ng4 9. Bg5 Qe8 10. c5 h6 11. Bh4 exd4 12. Nd5 g5 13. Bxa6 gxh4 14. Bc4 Qd8 15.
cxd6 Qxd6 16. h3 c6 17. hxg4 cxd5 18. Bxd5 Bxg4 19. Qd3 Qf6 20. e5 Qf4 21. Nxh4
Bxe5 22. g3 Qf6 23. Ng6 Rfd8 24. Nxe5 Qxe5 25. Qg6+ Qg7 26. Bxf7+ Kf8 27. f3
Bd7 28. Qxg7+ Kxg7 29. Bc4 Bf5 30. Rfe1 Rac8 31. Re7+ Kf6 32. Rf7+ Kg6 33. Bb3
Bc2 34. Rxb7 d3 35. Kf2 Bxb3 36. Rxb3 Rc2+ 37. Ke3 Re2+ 38. Kf4 d2 39. Rd1 Re1
0-1

[Event "4NCL/Div1/AD vs. BAR2"]
[Site "Birmingham ENG"]
[Date "2005.10.23"]
[Round "2.3"]
[White "Jirka, Jiri"]
[Black "Rogers, Jonathan W"]
[Result "0-1"]
[WhiteElo "2387"]
[BlackElo "2340"]
[PlyCount "92"]
[EventDate "2005.10.23"]
[SourceDate "2005.10.25"]

1. d4 f5 2. g3 Nf6 3. Bg2 e6 4. Nf3 Be7 5. O-O O-O 6. c4 a5 7. Nc3 d5 8. Ne5 c6
9. Qc2 Nbd7 10. Bf4 Nxe5 11. Bxe5 Ng4 12. Rfd1 Nxe5 13. dxe5 Qc7 14. f4 dxc4
15. Kh1 Bd7 16. e4 g6 17. b3 cxb3 18. axb3 Rac8 19. Rac1 c5 20. Qd3 Rcd8 21.
Qc4 Qb6 22. Na4 Bxa4 23. bxa4 Rxd1+ 24. Rxd1 Rd8 25. Rxd8+ Bxd8 26. exf5 gxf5
27. h3 Kf7 28. Kh2 Be7 29. g4 Qb4 30. Bf1 fxg4 31. hxg4 Qd2+ 32. Be2 Qe3 33. f5
Qxe5+ 34. Kg2 Qd5+ 35. Qxd5 exd5 36. Bf3 d4 37. Bxb7 Kf6 38. Ba6 Ke5 39. Kf3
Kd5 40. Bb7+ Kc4 41. Kf4 d3 42. g5 d2 43. Bf3 Kd3 44. f6 Bd6+ 45. Kf5 c4 46.
Ke6 Bb4 0-1

[Event "4NCL/Div1/AD vs. BAR2"]
[Site "Birmingham ENG"]
[Date "2005.10.23"]
[Round "2.4"]
[White "Pritchett, Craig W"]
[Black "Cernousek, Lukas"]
[Result "1-0"]
[WhiteElo "2291"]
[BlackElo "2379"]
[PlyCount "75"]
[EventDate "2005.10.23"]
[SourceDate "2005.10.25"]

1. c4 c6 2. Nf3 d5 3. e3 Nf6 4. d4 e6 5. Nc3 Nbd7 6. Qc2 Bd6 7. Bd3 dxc4 8.
Bxc4 O-O 9. O-O e5 10. h3 Re8 11. Rd1 exd4 12. exd4 Nb6 13. Bb3 Be6 14. Bg5 h6
15. Bh4 Nbd5 16. Nxd5 Bxd5 17. Bxd5 cxd5 18. Bxf6 Qxf6 19. Re1 Qd8 20. Qf5
Rxe1+ 21. Rxe1 Rc8 22. g3 Bb4 23. Re5 g6 24. Qd3 Qd7 25. Kg2 b5 26. Nh2 Kg7 27.
Ng4 f6 28. Qe3 g5 29. Re6 Rc6 30. Rxc6 Qxc6 31. a3 Bf8 32. Qf3 b4 33. axb4 Bxb4
34. Ne3 Bd2 35. Nf5+ Kf8 36. Qa3+ Kf7 37. Qe7+ Kg6 38. g4 1-0

[Event "4NCL/Div1/AD vs. BAR2"]
[Site "Birmingham ENG"]
[Date "2005.10.23"]
[Round "2.5"]
[White "Richardson, John R"]
[Black "Taylor, Martin R"]
[Result "0-1"]
[WhiteElo "2356"]
[BlackElo "2311"]
[PlyCount "80"]
[EventDate "2005.10.23"]
[SourceDate "2005.10.25"]

1. d4 d5 2. Nf3 Nf6 3. c4 e6 4. Nc3 c6 5. e3 Nbd7 6. Qc2 Bd6 7. Bd2 O-O 8. Bd3
Qe7 9. O-O dxc4 10. Bxc4 e5 11. h3 Bc7 12. Bb3 h6 13. Nh4 Re8 14. Nf5 Qf8 15.
dxe5 Bxe5 16. f4 Bc7 17. Nd5 Nxd5 18. Bxd5 cxd5 19. Qxc7 Nb6 20. Nd6 Re7 21.
Qc5 Rd7 22. Bb4 Nc4 23. Qxd5 Nxe3 24. Qb3 Nxf1 25. Nf5 Nd2 26. Qc3 Rd3 27. Qe5
f6 28. Ne7+ Kh7 29. Qh5 Qd8 30. Re1 Qd4+ 31. Kh1 Bd7 32. Bc5 Qc4 33. b3 Qa6 34.
Qf7 b6 35. Ng6 Bf5 36. Re7 Rxh3+ 37. gxh3 Qf1+ 38. Bg1 Qxh3+ 39. Bh2 Qf3+ 40.
Kg1 Qf1# 0-1

[Event "4NCL/Div1/AD vs. BAR2"]
[Site "Birmingham ENG"]
[Date "2005.10.23"]
[Round "2.6"]
[White "Coleman, David"]
[Black "Wheeler, Darren P"]
[Result "1-0"]
[WhiteElo "2245"]
[BlackElo "2239"]
[PlyCount "69"]
[EventDate "2005.10.23"]
[SourceDate "2005.10.25"]

1. e4 e6 2. d4 d5 3. Nc3 Bb4 4. e5 c5 5. a3 Bxc3+ 6. bxc3 Ne7 7. Qg4 Qc7 8. Bd3
c4 9. Be2 O-O 10. h4 f6 11. exf6 Rxf6 12. Bg5 Rf7 13. Nf3 Nbc6 14. Qh3 Qb6 15.
Qh2 Qb2 16. Kd2 Na5 17. Rhb1 Nb3+ 18. Kd1 Qxc3 19. cxb3 cxb3 20. Bc1 Nc6 21.
Bb2 Qc2+ 22. Ke1 e5 23. Nxe5 Nxe5 24. dxe5 Bg4 25. f3 Bf5 26. Bd4 Qxb1+ 27.
Rxb1 Bxb1 28. e6 Re7 29. Qe5 Rc8 30. f4 b6 31. f5 Rf8 32. g4 Be4 33. h5 h6 34.
Qd6 Rfe8 35. Bb5 1-0

[Event "4NCL/Div1/AD vs. BAR2"]
[Site "Birmingham ENG"]
[Date "2005.10.23"]
[Round "2.7"]
[White "Anderton, David"]
[Black "Taylor, Peter"]
[Result "1-0"]
[WhiteElo "2267"]
[BlackElo "2241"]
[PlyCount "81"]
[EventDate "2005.10.23"]
[SourceDate "2005.10.25"]

1. d4 Nf6 2. c4 e6 3. Nc3 Bb4 4. Qc2 d5 5. cxd5 exd5 6. Bg5 c5 7. dxc5 h6 8.
Bh4 g5 9. Bg3 Ne4 10. e3 Qa5 11. Nge2 Bf5 12. Be5 O-O 13. Nd4 Re8 14. Bxb8 Bg6
15. Bd3 Raxb8 16. O-O Qxc5 17. f3 Nxc3 18. Bxg6 Rxe3 19. Bxf7+ Kxf7 20. Qh7+
Ke8 21. bxc3 Bxc3 22. Qg8+ Kd7 23. Qxb8 Bxa1 24. Qxb7+ Ke8 25. Qb5+ Qxb5 26.
Nxb5 Be5 27. Kf2 d4 28. Rd1 a6 29. Nxd4 Bxd4 30. Rxd4 Ra3 31. Rd6 Rxa2+ 32. Kg3
Kf7 33. Rxh6 a5 34. h4 gxh4+ 35. Rxh4 a4 36. Rb4 a3 37. Ra4 Kf6 38. Ra5 Kg6 39.
Kh3 Ra1 40. Kg4 Kf6 41. f4 1-0

[Event "4NCL/Div1/AD vs. BAR2"]
[Site "Birmingham ENG"]
[Date "2005.10.23"]
[Round "2.8"]
[White "Smith, Lucy"]
[Black "Bellin, Jana"]
[Result "0-1"]
[WhiteElo "1900"]
[BlackElo "2170"]
[PlyCount "78"]
[EventDate "2005.10.23"]
[SourceDate "2005.10.25"]

1. d4 Nf6 2. c4 e6 3. Nc3 Bb4 4. Bd2 d5 5. e3 c6 6. Nf3 Nbd7 7. a3 Bd6 8. Bd3
O-O 9. O-O Re8 10. e4 dxe4 11. Nxe4 Nxe4 12. Bxe4 Nf6 13. Re1 Nxe4 14. Rxe4 Be7
15. Bc3 b6 16. Ne5 Bb7 17. Re1 Qc7 18. Qe2 Rad8 19. Rad1 Bf8 20. Rd2 f6 21. Nf3
Qf7 22. h3 Rd7 23. Red1 Bd6 24. b4 Ba6 25. a4 e5 26. dxe5 Bxc4 27. Qe1 Bd5 28.
Qe3 Bf8 29. Re1 Rde7 30. Kh1 Qh5 31. Qd3 f5 32. Qe3 g6 33. Kg1 Bh6 34. Qd3 Bxd2
35. Nxd2 Re6 36. Qe3 Rd8 37. Qf4 Kf7 38. Qe3 Qh4 39. Qe2 Qg5 0-1

[Event "4NCL/Div1/HKF1 vs. NWE1"]
[Site "Birmingham ENG"]
[Date "2005.11.19"]
[Round "3.1"]
[White "Wells, Peter K"]
[Black "Quillan, Gary"]
[Result "1-0"]
[WhiteElo "2513"]
[BlackElo "2356"]
[PlyCount "63"]
[EventDate "2005.11.19"]
[SourceDate "2005.10.25"]

1. Nf3 Nf6 2. c4 c5 3. g3 g6 4. Bg2 Bg7 5. Nc3 Nc6 6. O-O O-O 7. d4 cxd4 8.
Nxd4 a6 9. c5 Nxd4 10. Qxd4 d6 11. cxd6 Ne8 12. Qh4 Nxd6 13. Rd1 Bd7 14. Nd5
Re8 15. Bg5 f6 16. Be3 Bc6 17. Rac1 Qa5 18. Bd2 Qxa2 19. Nb4 Qxb2 20. Nxc6 bxc6
21. Bxc6 Rac8 22. Bxe8 Rxe8 23. Qa4 Qb7 24. Bf4 Nb5 25. Qc4+ Kf8 26. Qe6 f5 27.
Rc4 Nc3 28. Rd3 Ne4 29. Rc7 Qb1+ 30. Kg2 Qe1 31. Be3 Bf6 32. Rd8 1-0

[Event "4NCL/Div1/HKF1 vs. NWE1"]
[Site "Birmingham ENG"]
[Date "2005.11.19"]
[Round "3.2"]
[White "Morrison, Graham"]
[Black "Greet, Andrew N"]
[Result "1/2-1/2"]
[WhiteElo "2326"]
[BlackElo "2428"]
[PlyCount "138"]
[EventDate "2005.11.19"]
[SourceDate "2005.10.25"]

1. d4 d5 2. c4 dxc4 3. Nf3 Nf6 4. e3 e6 5. Bxc4 c5 6. O-O a6 7. Qe2 b5 8. Bb3
Bb7 9. Rd1 Nbd7 10. Nc3 Qb8 11. d5 c4 12. dxe6 fxe6 13. Bc2 Bd6 14. h3 O-O 15.
Bd2 Nc5 16. Be1 Qc7 17. b4 Nce4 18. Nxe4 Bxe4 19. Bxe4 Nxe4 20. Rd4 Qc6 21.
Rad1 Bc7 22. Qc2 Nf6 23. Bc3 Rad8 24. Ng5 Rxd4 25. Bxd4 Rd8 26. Nf3 Qd5 27. Rc1
e5 28. Bb2 Ne4 29. Nh2 Qd3 30. Qxd3 Rxd3 31. Nf1 Kf7 32. Rc2 Rd1 33. g3 Ke6 34.
Kg2 a5 35. f3 Nf6 36. bxa5 Bxa5 37. a4 Nd5 38. e4 Nb4 39. Re2 Nd3 40. axb5 c3
41. Bxc3 Bxc3 42. Ne3 Re1 43. Rxe1 Nxe1+ 44. Kf2 Bd4 45. Kxe1 Bxe3 46. Ke2 Bc1
47. Kd3 Kd6 48. b6 Kc6 49. Kc4 Ba3 50. f4 exf4 51. gxf4 Bc1 52. f5 Bb2 53. b7
Be5 54. Kb4 Kb6 55. Kc4 Kc6 56. Kb4 Kxb7 57. Kc5 Kc7 58. Kd5 Bc3 59. Ke6 Kd8
60. e5 Ke8 61. h4 Bd2 62. h5 Bg5 63. Kd6 Kf7 64. Kd7 Bh4 65. Kd6 Be7+ 66. Kd5
Bf8 67. Ke4 Be7 68. Kf4 Ke8 69. h6 gxh6 1/2-1/2

[Event "4NCL/Div1/HKF1 vs. NWE1"]
[Site "Birmingham ENG"]
[Date "2005.11.19"]
[Round "3.3"]
[White "Williams, Simon K"]
[Black "Littlewood, John E"]
[Result "1-0"]
[WhiteElo "2452"]
[BlackElo "2275"]
[PlyCount "41"]
[EventDate "2005.11.19"]
[SourceDate "2005.10.25"]

1. d4 Nf6 2. c4 g6 3. Nc3 d5 4. cxd5 Nxd5 5. e4 Nxc3 6. bxc3 c5 7. Bc4 Bg7 8.
Ne2 O-O 9. O-O Nc6 10. Be3 Qc7 11. Rc1 Rd8 12. f4 Bg4 13. f5 gxf5 14. Bxf7+ Kh8
15. exf5 cxd4 16. cxd4 Bxe2 17. Qxe2 Nxd4 18. Qh5 Qe5 19. Rce1 Rd6 20. Bg5 Qc5
21. Kh1 1-0

[Event "4NCL/Div1/HKF1 vs. NWE1"]
[Site "Birmingham ENG"]
[Date "2005.11.19"]
[Round "3.4"]
[White "Carleton, John J"]
[Black "Arkell, Keith C"]
[Result "0-1"]
[WhiteElo "2284"]
[BlackElo "2475"]
[PlyCount "176"]
[EventDate "2005.11.19"]
[SourceDate "2005.10.25"]

1. d4 e6 2. e4 d5 3. Nc3 dxe4 4. Nxe4 Bd7 5. Nf3 Bc6 6. Bd3 Nd7 7. Qe2 Ngf6 8.
Nxf6+ Nxf6 9. Bg5 Be7 10. O-O-O Bxf3 11. Qxf3 c6 12. Kb1 Qxd4 13. Bxf6 Bxf6 14.
c3 Qb6 15. Be4 O-O 16. Rd3 Rfd8 17. Rhd1 Rxd3 18. Rxd3 h6 19. Rd7 Rd8 20. Rxd8+
Qxd8 21. Qe2 g6 22. g3 Kg7 23. Kc2 Qa5 24. a3 h5 25. h4 Qc5 26. Kd2 Qb6 27. Ke1
Be7 28. Kf1 Bc5 29. Bd3 Qc7 30. Kg2 Qd6 31. Be4 a5 32. b4 Bb6 33. Qd3 Qe7 34.
f4 Ba7 35. Kh3 axb4 36. axb4 Qc7 37. c4 Qe7 38. c5 Bb8 39. Qc3+ Kg8 40. Kg2 Bc7
41. Kh3 Qd7 42. Qd3 Qxd3 43. Bxd3 Kf8 44. Kg2 Bd8 45. b5 Ke8 46. bxc6 bxc6 47.
Kf3 f5 48. Bc4 Kd7 49. Bb3 Be7 50. Ba2 Bxc5 51. Bb3 Bb4 52. Ba2 Be1 53. Bb3 Kd6
54. Ba2 c5 55. Bb3 Ke7 56. Ba2 Kf6 57. Bb3 e5 58. fxe5+ Kxe5 59. Bf7 Kf6 60.
Bb3 Bd2 61. Bc4 f4 62. g4 hxg4+ 63. Kxg4 Be1 64. h5 Bd2 65. h6 f3 66. h7 Kg7
67. Kxf3 Kxh7 68. Ke4 Kg7 69. Be2 Kf6 70. Bd3 Kg5 71. Be2 Bc3 72. Bd3 Bd4 73.
Be2 Bf6 74. Kd5 Bd4 75. Ke4 Kf6 76. Bd3 g5 77. Bc4 Bg1 78. Bd3 Ke6 79. Bc4+ Kd6
80. Kf5 Be3 81. Ke4 Bf4 82. Be2 Kc6 83. Bc4 Kb6 84. Be6 Kb5 85. Kd3 Kb4 86. Bg4
c4+ 87. Kd4 c3 88. Bd1 g4 0-1

[Event "4NCL/Div1/HKF1 vs. NWE1"]
[Site "Birmingham ENG"]
[Date "2005.11.19"]
[Round "3.5"]
[White "Berzinsh, Roland"]
[Black "Hague, Ben"]
[Result "1-0"]
[WhiteElo "2447"]
[BlackElo "2300"]
[PlyCount "53"]
[EventDate "2005.11.19"]
[SourceDate "2005.10.25"]

1. e4 g6 2. d4 Bg7 3. Nc3 d6 4. f4 a6 5. Nf3 b5 6. Bd3 Nd7 7. e5 Bb7 8. Be3 c5
9. Be4 Qc8 10. Bxb7 Qxb7 11. dxc5 dxe5 12. Qd5 Qxd5 13. Nxd5 Rc8 14. Nb6 exf4
15. Nxc8 fxe3 16. c6 Ne5 17. Nxe5 Bxe5 18. a4 Kd8 19. axb5 axb5 20. Ra8 Kc7 21.
Na7 Bxb2 22. Ke2 Nh6 23. Rxh8 Bxh8 24. Rd1 Be5 25. Rd7+ Kb6 26. Rb7+ Ka6 27. c7
1-0

[Event "4NCL/Div1/HKF1 vs. NWE1"]
[Site "Birmingham ENG"]
[Date "2005.11.19"]
[Round "3.6"]
[White "Kennaugh, Charles W"]
[Black "Crouch, Colin"]
[Result "1/2-1/2"]
[WhiteElo "2274"]
[BlackElo "2365"]
[PlyCount "59"]
[EventDate "2005.11.19"]
[SourceDate "2005.10.25"]

1. e4 c5 2. Nf3 e6 3. Nc3 Nc6 4. Bb5 Nd4 5. O-O Ne7 6. Nxd4 cxd4 7. Ne2 a6 8.
Bc4 d5 9. exd5 Nxd5 10. d3 Bc5 11. Nf4 Nxf4 12. Bxf4 O-O 13. Qf3 Bd6 14. Rae1
Bxf4 15. Qxf4 b5 16. Bb3 Bb7 17. Re5 Qd6 18. Rfe1 Rad8 19. Qg4 Bc8 20. Rg5 g6
21. h4 Qe7 22. Qe4 Qf6 23. Rg3 Rd6 24. h5 Bd7 25. Rf3 Qg5 26. hxg6 hxg6 27. Rg3
Qf6 28. Rf3 Qg5 29. Rg3 Qf6 30. Rf3 1/2-1/2

[Event "4NCL/Div1/HKF1 vs. NWE1"]
[Site "Birmingham ENG"]
[Date "2005.11.19"]
[Round "3.7"]
[White "Trent, Lawrence"]
[Black "van der Linden, Lukas"]
[Result "1-0"]
[WhiteElo "2423"]
[BlackElo "2281"]
[PlyCount "95"]
[EventDate "2005.11.19"]
[SourceDate "2005.10.25"]

1. e4 c5 2. Nf3 Nc6 3. Bb5 g6 4. O-O Bg7 5. Re1 e5 6. c3 Nge7 7. d3 O-O 8. a3
d6 9. b4 a6 10. Ba4 h6 11. bxc5 dxc5 12. Be3 b6 13. Ra2 Be6 14. Rd2 Na5 15. c4
f5 16. exf5 gxf5 17. Bf4 Ng6 18. Bxe5 Nxe5 19. Nxe5 Qf6 20. Rde2 Rad8 21. Nd2
Rd6 22. f4 Rb8 23. Qc1 Kh7 24. Re3 Qd8 25. Ndf3 b5 26. Bc2 Qc8 27. Nh4 Qd8 28.
Rh3 Qf8 29. Nhf3 Kg8 30. Rg3 Rbd8 31. Qe3 Nb7 32. Nh4 Qf6 33. Qf3 Qxh4 34. Qxb7
Qf6 35. Rg6 Bc8 36. Qa7 Qf8 37. Rg3 Qf6 38. cxb5 axb5 39. Qxc5 Ba6 40. Qa7 Bc8
41. Ree3 Kh7 42. Bb3 Bd7 43. Bf7 Rc8 44. h3 Bc6 45. Rg6 Qd8 46. Reg3 Rxg6 47.
Bxg6+ Kg8 48. Bh7+ 1-0

[Event "4NCL/Div1/HKF1 vs. NWE1"]
[Site "Birmingham ENG"]
[Date "2005.11.19"]
[Round "3.8"]
[White "Milligan, Helen"]
[Black "Houska, Jovanka"]
[Result "0-1"]
[WhiteElo "2045"]
[BlackElo "2351"]
[PlyCount "68"]
[EventDate "2005.11.19"]
[SourceDate "2005.10.25"]

1. e4 e5 2. Nf3 Nc6 3. Bb5 a6 4. Ba4 Nf6 5. O-O b5 6. Bb3 Bc5 7. c3 d6 8. d4
Bb6 9. h3 h6 10. a4 Bb7 11. Bc2 O-O 12. axb5 axb5 13. Rxa8 Qxa8 14. Re1 exd4
15. cxd4 Nb4 16. d5 Nxc2 17. Qxc2 c6 18. Nc3 cxd5 19. exd5 b4 20. Ne4 Nxe4 21.
Qxe4 Bxd5 22. Qg4 Bxf3 23. gxf3 Kh8 24. Bd2 Bc5 25. Kg2 Qb7 26. Qf5 Bd4 27. Re4
Qa7 28. Rg4 b3 29. Qd5 Bxb2 30. Qxd6 Qb8 31. Qb4 Bf6 32. Re4 b2 33. Re1 Qxb4
34. Bxb4 Rb8 0-1

[Event "4NCL/Div1/BET vs. BAR1"]
[Site "Birmingham ENG"]
[Date "2005.11.19"]
[Round "3.1"]
[White "Ledger, Andrew J"]
[Black "Parker, Jonathan"]
[Result "1/2-1/2"]
[WhiteElo "2438"]
[BlackElo "2515"]
[PlyCount "35"]
[EventDate "2005.11.19"]
[SourceDate "2005.10.25"]

1. d4 d5 2. c4 e6 3. Nf3 Nf6 4. Bg5 Be7 5. Nc3 h6 6. Bh4 O-O 7. e3 Ne4 8. Bxe7
Qxe7 9. Rc1 Nxc3 10. Rxc3 c6 11. Be2 Nd7 12. O-O dxc4 13. Bxc4 e5 14. Bb3 exd4
15. Qxd4 Nf6 16. h3 Re8 17. Qf4 Be6 18. Bxe6 1/2-1/2

[Event "4NCL/Div1/BET vs. BAR1"]
[Site "Birmingham ENG"]
[Date "2005.11.19"]
[Round "3.2"]
[White "Kelly, Brian"]
[Black "Hunt, Adam C"]
[Result "1-0"]
[WhiteElo "2496"]
[BlackElo "2431"]
[PlyCount "97"]
[EventDate "2005.11.19"]
[SourceDate "2005.10.25"]

1. d4 Nf6 2. c4 g6 3. Nc3 Bg7 4. e4 d6 5. Nf3 O-O 6. Be2 e5 7. O-O Na6 8. Be3
Ng4 9. Bg5 Qe8 10. dxe5 dxe5 11. h3 h6 12. Bd2 Nf6 13. Be3 Qe7 14. Nd5 Qd8 15.
Nxf6+ Qxf6 16. c5 Nb8 17. Qa4 Nc6 18. Rfd1 a6 19. Rd2 Qe7 20. Bc4 Kh8 21. Re1
Bd7 22. Qd1 Rad8 23. Bd5 Rb8 24. a3 Rfd8 25. b4 Qf8 26. Rd3 Be8 27. Bc1 Ne7 28.
Bb2 Nxd5 29. Nxe5 Bb5 30. Rxd5 Re8 31. Qd2 Re7 32. c6 Bxe5 33. Rxe5 Kh7 34.
Rxe7 Qxe7 35. cxb7 Rxb7 36. Qc3 Qf8 37. Rd1 Rb8 38. Qxc7 Rc8 39. Qe5 Re8 40.
Qd4 Bc6 41. Qf6 Ba4 42. Rc1 Rxe4 43. Qxa6 Bd7 44. Qd3 Bf5 45. Qc3 g5 46. Qf6
Bd7 47. Rd1 Rf4 48. Qc3 Be8 49. b5 1-0

[Event "4NCL/Div1/BET vs. BAR1"]
[Site "Birmingham ENG"]
[Date "2005.11.19"]
[Round "3.4"]
[White "Devereaux, Maxim"]
[Black "Eames, Robert G"]
[Result "1/2-1/2"]
[WhiteElo "2344"]
[BlackElo "2320"]
[PlyCount "94"]
[EventDate "2005.11.19"]
[SourceDate "2005.10.25"]

1. Nf3 Nf6 2. d4 c5 3. c3 cxd4 4. cxd4 d5 5. Nc3 Nc6 6. Bf4 Ne4 7. e3 Nxc3 8.
bxc3 g6 9. c4 Bg7 10. Be2 Bg4 11. O-O O-O 12. Rb1 dxc4 13. Rxb7 Rc8 14. Rb5 c3
15. Qb3 e5 16. dxe5 c2 17. Rc5 Nxe5 18. Qxc2 Nxf3+ 19. gxf3 Bh3 20. Rd1 Qb6 21.
Bc7 Qf6 22. f4 Qh4 23. Bf3 h5 24. Qe2 Rfe8 25. Kh1 Bg4 26. Bd6 Bf8 27. Bxg4
hxg4 28. Bxf8 Kxf8 29. Rxc8 Rxc8 30. Rg1 f5 31. Qa6 Qd8 32. Rb1 Kg7 33. Qxa7+
Kh6 34. Qb7 Rc2 35. Kg2 Rxa2 36. Qf7 Rxf2+ 37. Kxf2 Qd2+ 38. Kf1 Qd3+ 39. Kf2
Qc2+ 40. Kg3 Qxb1 41. Qf8+ Kh7 42. Kh4 Qb2 43. h3 gxh3 44. Qf7+ {(=)} Kh6 45.
Qf8+ Kh7 46. Qf7+ Kh6 47. Qf8+ Kh7 1/2-1/2

[Event "4NCL/Div1/BET vs. BAR1"]
[Site "Birmingham ENG"]
[Date "2005.11.19"]
[Round "3.5"]
[White "Ledger, David J"]
[Black "Collinson, Adam"]
[Result "1/2-1/2"]
[WhiteElo "2278"]
[BlackElo "2385"]
[PlyCount "26"]
[EventDate "2005.11.19"]
[SourceDate "2005.10.25"]

1. e4 d6 2. Nc3 Nf6 3. d4 g6 4. g3 Bg7 5. Bg2 O-O 6. h3 e5 7. Nge2 Nc6 8. Be3
Bd7 9. O-O b5 10. a3 Re8 11. Re1 a5 12. dxe5 Nxe5 13. b3 Rb8 1/2-1/2